Le schisme d'Anglaterra (la Cisma de Inglaterra) (Record no. 168441)

MARC details
000 -LEADER
campo de control de longitud fija 00938nam a2200241 i 4500
001 - NÚMERO DE CONTROL
campo de control 168441
003 - IDENTIFICADOR DE NÚMERO DE CONTROL
campo de control ES-MaACL
005 - FECHA Y HORA DE LA ÚLTIMA TRANSACCIÓN
campo de control 20250513063025.0
008 - DATOS DE LONGITUD FIJA--INFORMACIÓN GENERAL
campo de control de longitud fija 080410s1960 fr |||| | fre d
080 ## - NÚMERO DE LA CLASIFICACIÓN DECIMAL UNIVERSAL
Número de la Clasificación Decimal Universal 821.134.2-24"16"
100 1# - ENTRADA PRINCIPAL--NOMBRE DE PERSONA
Nombre de persona Calderón de la Barca, Pedro,
Fechas asociadas al nombre 1600-1681
Término indicativo de función/relación Autor
9 (RLIN) 239594
245 13 - MENCIÓN DEL TÍTULO
Título Le schisme d'Anglaterra (la Cisma de Inglaterra)
Resto del título : comedia en trois journées /
Mención de responsabilidad, etc. Pedro Calderón de la Barca ; texte français de Robert Marrast et André Reybaz.
260 ## - PUBLICACIÓN, DISTRIBUCIÓN, ETC.
Lugar de publicación, distribución, etc. Paris :
Nombre del editor, distribuidor, etc. L'Arche,
Fecha de publicación, distribución, etc. [1960]
300 ## - DESCRIPCIÓN FÍSICA
Extensión 77 p. ;
Dimensiones 17 cm.
490 1# - MENCIÓN DE SERIE
Mención de serie Répertoire pour un théatre populaire ;
Designación de volumen o secuencia 23
650 14 - PUNTO DE ACCESO ADICIONAL DE MATERIA--TÉRMINO DE MATERIA
Término de materia o nombre geográfico como elemento de entrada
9 (RLIN) 239575
700 0# - ENTRADA AGREGADA--NOMBRE PERSONAL
Nombre de persona Marrast, Robert,
Fechas asociadas al nombre 1928-2015
9 (RLIN) 77060
700 1# - ENTRADA AGREGADA--NOMBRE PERSONAL
Nombre de persona Reybaz, André.
9 (RLIN) 137583
830 0# - PUNTO DE ACCESO ADICIONAL DE SERIE-TÍTULO UNIFORME
Título uniforme Répertoire pour un théatre populaire ;
Designación de volumen o secuencia 23
9 (RLIN) 222732
852 ## - LOCALIZACIÓN
Ubicación ES-MaACL
Número de control de estantería E-12212
itemnumber R.190428
Nota libre .- Biblioteca Jacinto Martínez Lacalle
942 ## - ELEMENTOS DE ENTRADA SECUNDARIOS (KOHA)
Fuente del sistema de clasificación o colocación Clasificación decimal universal
Holdings
Estatus retirado Estado de pérdida Estado de daño No para préstamo Biblioteca de origen Biblioteca actual Ubicación en estantería Fecha de adquisición Fuente de adquisición Total de préstamos Signatura topográfica completa Código de barras Visto por última vez Precio de reemplazo Tipo de ítem Koha
        Biblioteca del Ateneo de Madrid Biblioteca del Ateneo de Madrid Depósito 2 10/04/2008     E-12212 1176739 23/02/2023 23/02/2023 Libro impreso